000 01142nam a2200217 i 4500
001 101241
003 ES-MaACL
005 20230906182843.0
007 t|
008 051014m19601963sp ||||1| spa d
100 1 _aMaynard, Harold Bright.
_979384
245 1 0 _aManual de Ingenieria de la producción industrial /
_cHarold B. Maynard; director de la versión española José Capmany Arbat...; prólogo... Agustin Plana Sancho...
260 _aBarcelona :
_bReverté,
_c1960-63.
300 _a8 v. :
_bil. ;
_c22 cm.
500 _aSon los v. 1-8.
505 8 _aContiene: 1. Función de la ingenieria de la producción industrial (XVI, 94 p.) -- 2. Métodos (174 p.) -- 3. Medición de trabajo (284 p.) -- 4. Tiempos tipo elementales predeterminados (124 p.)-- 5. Pago de salarios (134 p.) -- 6. Métodos de control (214 p.) -- 7. Proyecto y medios de fabricación (189 p.) -- 8. Otros aspectos de la ingeniería de la producción industrial (349 p.)
650 0 4 _aGestión de la producción.
_913114
700 1 _aCapmany Arbat, José.
_934867
700 1 _aPlana Sancho, Agustín.
_992518
852 _aES-MaACL
_jP-813-bis
_bR.48369
999 _c101241
_d101241